Città più popolose Centro Italia - Statistics

Statistiche generali
  • Questo quiz è stato fatto 577 volte
    238 dall'ultimo reset
  • Il punteggio medio è 17 su 30
Statistiche sulle risposte
Popolazione Regione Città % Corretto
360 444 Toscana Firenze
100%
2 746 639 Lazio Roma
100%
161 375 Umbria Perugia
94%
98 292 Marche Ancona
91%
88 726 Toscana Pisa
91%
127 321 Lazio Latina
88%
152 138 Toscana Livorno
87%
195 906 Toscana Prato
81%
106 121 Umbria Terni
80%
52 657 Toscana Siena
78%
81 154 Toscana Grosseto
76%
65 927 Lazio Viterbo
74%
96 176 Toscana Arezzo
72%
88 724 Toscana Lucca
68%
95 352 Marche Pesaro
67%
89 000 Toscana Pistoia
67%
65 933 Toscana Massa
63%
59 786 Toscana Carrara
55%
81 855 Lazio Fiumicino
39%
60 416 Toscana Viareggio
38%
51 678 Lazio Civitavecchia
30%
55 068 Umbria Foligno
29%
59 732 Marche Fano
28%
54 908 Lazio Tivoli
27%
58 946 Lazio Anzio
24%
74 240 Lazio Aprilia
20%
64 246 Lazio Pomezia
20%
89 191 Lazio Guidonia Montecelio
19%
52 542 Lazio Velletri
15%
50 044 Toscana Scandicci
12%
Nessun quiz corrispondente trovato
Distribuzione punteggi
Percentuale di utenti per punteggio
Percentile per numero di risposta
I tuoi punteggi nel tempo
Non hai fatto questo quiz dall'ultimo reset